000 00931nam a22002897a 4500
001 6490
003 FISKH
005 20250506114831.0
008 250506b cb ||||| |||| 00| 0 eng d
020 _a9780375822742
040 _aDLC
_cDLC
_dDLC
_beng
050 _aPZ7.D927 C
082 _a813.54
100 1 _aDuPrau, Jeanne.
_d(1944-)
245 1 4 _aThe city of Ember /
_cJeanne DuPrau.
250 _aThis edition first published in 2004
260 _aNew York :
_bA yearling book,
_c2003.
300 _a270 pages :
_c20 cm
505 _aR
520 _aIn the year 241, twelve-year-old Lina trades jobs on Assignment Day to be a Messenger to run to new places in her decaying but beloved city, perhaps even to glimpse Unknown Regions.
521 8 _a680
_bLexile
521 8 _aR
_bRaz-Plus
650 1 _aFantasy.
_2Science fiction
650 1 _aUnderground
_2Dystopia
942 _2ddc
_cBK
_n0
999 _c6490
_d6490